| 000 | 00649nam a2200205Ii 4500 | ||
|---|---|---|---|
| 003 | JO-AjNU | ||
| 008 | 230605s9999||||xx |||||||||||||| ||und|| | ||
| 017 | _a2002/1/128 | ||
| 040 |
_aJO-AjNU _bara _erda _cJO-AjNU |
||
| 041 | _aara | ||
| 050 | 1 | 4 | _aDS115.5 2006 |
| 100 | 3 |
_aتاليف باجس، نعمة, _eauthor _98001 |
|
| 245 | 0 | 0 | _aخيوط حاكتها البطولة على أرض الجبابرة |
| 264 | 3 | 1 | _aعمان: دار عالم الثقافة، 2006 |
| 300 | _a125ص | ||
| 336 |
_atext _btxt _2rdacontent |
||
| 337 |
_aunmediated _bn _2rdamedia |
||
| 338 |
_avolume _bnc _2rdacarrier |
||
| 650 | 4 |
_aفلسطين- تاريخ _98002 |
|
| 999 |
_aA564 _c4132 _d4132 |
||